รวมเรื่องและข้อปฏิบัติเกี่ยวกับราชสำนัก [2nd] (ระเบียนเลขที่ 1615)
| 000 -LEADER | |
|---|---|
| fixed length control field | 00766nam a22001817a 4500 |
| 005 - DATE AND TIME OF LATEST TRANSACTION | |
| control field | 20230613105515.0 |
| 008 - FIXED-LENGTH DATA ELEMENTS--GENERAL INFORMATION | |
| fixed length control field | s2528 th tha d |
| 041 ## - LANGUAGE CODE | |
| Language code of text/sound track or separate title | tha |
| 050 ## - LIBRARY OF CONGRESS CALL NUMBER | |
| Classification number | DS568.3 ส6 |
| 245 10 - TITLE STATEMENT | |
| Title | รวมเรื่องและข้อปฏิบัติเกี่ยวกับราชสำนัก [2nd] |
| 260 3# - PUBLICATION, DISTRIBUTION, ETC. | |
| Place of publication, distribution, etc. | กรุงเทพฯ : |
| Name of publisher, distributor, etc. | วิคตอรี่เพาเวอร์พอยท์, |
| Date of publication, distribution, etc. | 2528 |
| 300 ## - PHYSICAL DESCRIPTION | |
| Extent | 133 หน้า : |
| Other physical details | ภาพประกอบ |
| 650 04 - SUBJECT ADDED ENTRY--TOPICAL TERM | |
| Topical term or geographic name entry element | ไทย -- ราชสำนักและข้าราชสำนัก |
| 850 ## - HOLDING INSTITUTION | |
| Holding institution | NALT |
| 942 ## - ADDED ENTRY ELEMENTS (KOHA) | |
| Koha item type | General Book |
| Koha issues (borrowed), all copies | 3 |
| 997 ## - | |
| -- | 000000000001615 |
| 998 ## - LOCAL CONTROL INFORMATION (RLIN) | |
| -- | Narumon Suwan |
| -- | 111 |
| -- | นางสาวพจพิณ พรมเอี่ยม |
| Withdrawn status | Lost status | Damaged status | Not for loan | Collection code | Home library | Current library | Date acquired | Total Checkouts | Total Renewals | Full call number | Barcode | Date last seen | Date last checked out | Price effective from | Koha item type |
|---|---|---|---|---|---|---|---|---|---|---|---|---|---|---|---|
| General Book collection | National Assembly Library of Thailand | National Assembly Library of Thailand | 15/05/2023 | 3 | 3 | DS 568.3 ส6 | 3961100695 | 26/06/2023 | 13/06/2023 | 09/06/2017 | General Book |
